000 00555nam a2200181 i 4500
001 22371
003 ES-MaACL
005 20230906152701.0
007 t|
008 021202s1888 py ||||1| spa d
080 _a908(892)
100 1 _aAlonso Criado, Matías.
_920281
245 1 3 _aLa República del Paraguay /
_cpor Matías Alonso Criado.
260 _aAsunción :
_b[s.n.],
_c1888 (
_fA. Godel)
300 _a1 h. de plan. pleg. con el texto en el reverso ;
_c28 cm.
651 4 _aParaguay-
_xDescripción.
_9143274
852 _aES-MaACL
_jT-501-F-10
999 _c22371
_d22371